00393nam a2200133Ia 4500003000400000008004100004040001600045082001800061100002400079245007700103300001100180490003400191650003400225GCL140319s9999 xx 000 0 ara d aGCL / cGCL04a001.94bر ظ1 aراجى عنايت10a30 ظاهرة خارقة حيرت العلماء / cراجى عنايت a126 ص aاغرب من الخيالv004aالظواهر الغريبة